[Event "XX Sants Open 2018"]
[Site "Cotxeres de Sants"]
[Date "2018.08.26"]
[Round "10"]
[White "Cassi De La Viuda, Alex"]
[Black "Buisan Arnau, Oriol"]
[Result "1-0"]
[WhiteElo "1566"]
[BlackElo "1599"]
[Annotator "NA"]
[PlyCount "137"]
[EventDate "2018.08.17"]
[EventType "swiss"]
[EventCountry "ESP"]
[SourceTitle "playchess.com"]
[Source "ChessBase"]
[SourceQuality "1"]
[TimeControl "40/5400+30:1800+30"]

1. e4 e5 2. Nf3 Nc6 3. Bb5 a6 4. Bxc6 dxc6 5. d3 Bc5 6. Nbd2 Bd7 7. h3 Qf6 8. Qe2 Qe7 9. Nc4 Bd6 10. Bd2 f6 11. a3 Be6 12. Nxd6+ Qxd6 13. Bc3 Nh6 14. O-O-O O-O-O 15. d4 exd4 16. Rxd4 Qe7 17. Rhd1 Rxd4 18. Rxd4 Re8 19. Rd1 Bd5 20. Re1 Qxe4 21. Qd3 Qxd3 22. Rxe8+ Kd7 23. cxd3 Kxe8 24. Ne1 Nf7 25. Kd2 Kd7 26. Ke3 Ke6 27. Kf4 g6 28. g4 Nd6 29. g5 fxg5+ 30. Kxg5 Nf7+ 31. Kg4 h5+ 32. Kg3 Kf5 33. f4 g5 34. fxg5 Kxg5 35. Nf3+ Bxf3 36. Kxf3 Kh4 37. Kg2 Kg5 38. Kg3 c5 39. Bd2+ Kg6 40. Kf4 Kf6 41. Bc3+ Kg6 42. d4 cxd4 43. Bxd4 c6 44. h4 Nd6 45. Ke5 Nc4+ 46. Ke6 Nd2 47. Kd7 Nf3 48. Bf2 Ne5+ 49. Kc7 Nc4 50. Kxb7 Nxb2 51. Kxc6 Kf5 52. Kb7 Nc4 53. a4 Nb2 54. a5 Nc4 55. Kxa6 Kg4 56. Kb5 Nxa5 57. Kxa5 Kf3 58. Be1 Ke2 59. Bb4 Kf3 60. Be7 Kg4 61. Kb6 Kf5 62. Kc5 Ke5 63. Bg5 Ke6 64. Kd4 Kf5 65. Kd5 Kg6 66. Ke5 Kf7 67. Kf5 Kg7 68. Bf6+ Kh6 69. Bc3 1-0

[Event "XX Sants Open 2018"]
[Site "Cotxeres de Sants"]
[Date "2018.08.26"]
[Round "10"]
[White "Tornay, Haizea"]
[Black "Lujan Moreno, Royer Manuel"]
[Result "0-1"]
[WhiteElo "1354"]
[BlackElo "1477"]
[Annotator "NA"]
[PlyCount "50"]
[EventDate "2018.08.17"]
[EventType "swiss"]
[EventCountry "ESP"]
[SourceTitle "playchess.com"]
[Source "ChessBase"]
[SourceQuality "1"]
[TimeControl "40/5400+30:1800+30"]

1. e4 c5 2. Nc3 e5 3. Bc4 d6 4. d3 Nc6 5. Nge2 Bg4 6. f3 Bh5 7. O-O Nf6 8. Ng3 Bg6 9. f4 exf4 10. Bxf4 Be7 11. Bg5 O-O 12. Bxf6 Bxf6 13. Nh5 Bd4+ 14. Kh1 Qg5 15. Nf4 Ne5 16. Bd5 Ng4 17. Ne6 Qh4 18. h3 Bh5 19. Qb1 fxe6 20. Bxe6+ Kh8 21. Bxg4 Bxg4 22. Qe1 Bf2 23. Rxf2 Rxf2 24. Kg1 Raf8 25. Nd1 Rxg2+ 0-1

[Event "XX Sants Open 2018"]
[Site "Cotxeres de Sants"]
[Date "2018.08.26"]
[Round "11"]
[White "Volkov, Sergey"]
[Black "Illescas Cordoba, Miguel"]
[Result "0-1"]
[WhiteElo "2557"]
[BlackElo "2605"]
[Annotator "TA"]
[PlyCount "162"]
[EventDate "2018.08.17"]
[EventType "swiss"]
[EventCountry "ESP"]
[SourceTitle "playchess.com"]
[Source "ChessBase"]
[SourceQuality "1"]

{[%evp 20,162,0,0,0,0,0,-7,-10,-31,-37,-43,-4,-54,-41,-48,-44,-46,-35,-42,-38,-46,-21,-70,-72,-76,-81,-97,-18,-26,-26,-13,-17,-24,-10,-54,-49,-67,-85,-150,-167,-148,-135,-176,-175,-164,-110,-113,-66,-80,-58,-147,-147,-173,-150,-185,-180,-212,-177,-174,-119,-196,-192,-360,-324,-377,-385,-398,-341,-392,-363,-616,-613,-1016,-1016,-1118,-298,-295,0,-992,0,-302,-108,-108,-85,-85,-85,-85,-85,-86,-86,-86,-86,-86,-86,-108,-86,-86,-87,-86,-93,-115,-116,-391,-271,-256,-256,-256,-249,-249,0,0,0,0,-8,0,0,-29977,-29978,-29978,-29979,-29979,-29980,-29980,-29980,-29980,-29976,-29967,-29977,-29976,-29978,-29969,-8,-29975,-29978,-29978,-29977,-29978,-29980,-29980,-29981,-29982,-29982,-29991,-29992]} 1. d4 Nf6 2. c4 e6 3. Nc3 d5 4. cxd5 Nxd5 5. e4 Nxc3 6. bxc3 c5 7. Rb1 Be7 {D35: Queen's Gambit Declined: Exchange Variation} 8. Nf3 O-O 9. Bc4 Nc6 10. O-O b6 11. Be3 {LiveBook: 3 Games} Bb7 12. Qd2 $146 ({Predecessor:} 12. Qe2 cxd4 13. cxd4 Rc8 14. Rfd1 Qc7 15. d5 {1-0 (33) Anand,V (2767)-Hou,Y (2680) Wijk aan Zee 2018}) 12... Qc7 13. Bf4 Bd6 14. e5 Be7 15. Rbc1 Na5 16. Be2 Rfd8 17. Rfd1 Rac8 18. h3 h6 19. Qe3 Bf8 20. Bd3 cxd4 21. cxd4 Qd7 22. Rxc8 Rxc8 23. Nd2 Nc6 ({Black should play} 23... Qa4 $17 24. Qe2 Nc6) 24. Ne4 $1 $11 Qxd4 25. Qg3 {Strongly threatening Bxh6.} Kh8 26. Nd6 Bxd6 $1 27. exd6 e5 $36 {[%mdl 2048] Black has the initiative.} 28. Be3 Qxd6 29. Qg4 (29. Qf3 $142) 29... Rd8 $17 30. Bc2 Qe6 31. Rxd8+ Nxd8 32. Bf5 Qd5 (32... Qd6 $19 33. Bc2 Qc6) 33. f3 Nc6 (33... Qxa2 $6 34. Qb4 $15) 34. Be4 Qe6 ({Don't go for} 34... Qxa2 $2 35. Qf5 $18) 35. Qh4 (35. Qxe6 $15 fxe6 36. Bd2) 35... Kg8 ({Not} 35... Qxa2 $2 36. Bxh6 $1 {[%mdl 512]} Kg8 37. Qg5 $18) 36. a4 f5 37. Bd3 Ne7 38. a5 f4 ({But not} 38... bxa5 39. Bc5) 39. Bf2 bxa5 (39... Qd6 $19 40. Bc2 Bd5 41. axb6 axb6) 40. Qh5 (40. Bxa7 $17 Qd7 41. Bc5) 40... Bc6 $19 41. Bh4 $2 (41. Bc5) 41... a4 42. Bxe7 Qxe7 43. Qg6 Qf6 {And now ...Qxg6 would win.} 44. Qh7+ Kf8 45. Qh8+ $2 (45. Kh2) 45... Ke7 46. Qb8 Qd6 47. Qxa7+ Kf6 $2 (47... Bd7 48. Bh7 Qd4+ 49. Qxd4 exd4) 48. Qa6 Ke7 $2 (48... Qc5+ 49. Kh2 Ke7) 49. Qa7+ $1 Kf6 $2 (49... Bd7 50. Bh7 Qd4+ 51. Qxd4 exd4) 50. Qa6 a3 $2 (50... Qc5+ $19 {and Black stays clearly on top.} 51. Kh2 Ke7) 51. Be4 $17 Qc5+ 52. Kh2 Qb5 53. Qxa3 Bxe4 54. Qd6+ Kf5 55. Qf8+ Kg6 $1 56. fxe4 {[%csl Ge4][%cal Rf8f5][%mdl 4096] Endgame KQ-KQ} Qd7 57. Kh1 Kh7 (57... Qf7 {with more complications.} 58. Qd6+ Qf6 59. Qd1 Qe6 60. Qf3 Kh7) 58. Kh2 Qe6 {White must now prevent ...Qg6.} 59. Qc5 Qf6 60. Qd5 Qg5 {aiming for ...Qg3+.} 61. Qe6 $2 {[%mdl 8192]} (61. Kh1 $17) 61... Qg3+ $19 62. Kh1 Qe1+ 63. Kh2 Qxe4 64. h4 Qg6 $2 (64... f3 $19 {( -> ...f2)} 65. gxf3 Qxh4+ 66. Kg2 Qg5+ 67. Kf2 h5) 65. Qxe5 $11 Qg3+ 66. Kg1 $1 Qe3+ (66... Qxh4 $5 67. Qe4+ $8 Kg8 68. Qe8+ Kh7 69. Qe4+ Kg8 70. Qe8+ Kh7 71. Qe4+ $11) 67. Qxe3 fxe3 {K3P-KPP} 68. Kf1 $2 {[%mdl 8192]} (68. g3 $11) 68... Kg6 69. Ke2 Kh5 70. Kxe3 Kxh4 {KPP-KP} 71. Kf4 g6 72. Kf3 Kg5 73. Kg3 Kf5 $1 {[%cal Rf5e4]} 74. Kf3 h5 {[%cal Bh6h5,Bh5h4,Bh4h3][%mdl 32]} 75. Kg3 {[#]} Kg5 $2 (75... g5 $1 {mates} 76. Kf3 h4 77. Ke2 Kg4 78. Kf2 h3 79. Kg1 Kg3 80. gxh3 Kxh3 81. Kh1 g4 82. Kg1 Kg3 83. Kf1 Kh2 84. Ke2 g3 85. Kd3 g2 86. Kc4 g1=Q 87. Kb5 Qd4 88. Kc6 Qc4+ 89. Kb6 Kg3 90. Ka7 Kf4 91. Kb7 Ke5 92. Ka7 Kd6 93. Kb6 Qb3+ 94. Ka6 Kc6 95. Ka7 Qb7#) 76. Kf3 $2 {[%mdl 8192] [#]} (76. Kh3 $11 Kh6 77. Kg3) 76... h4 $1 {Black mates.} 77. g4 Kf6 78. Kf4 g5+ 79. Kf3 Ke6 80. Ke2 Kd5 81. Kd3 h3 {Precision: White = 35%, Black = 55%.} 0-1

[Event "XX Sants Open 2018"]
[Site "Cotxeres de Sants"]
[Date "2018.08.26"]
[Round "11"]
[White "Cuartas, Jaime Alexander"]
[Black "Peralta, Fernando"]
[Result "1/2-1/2"]
[WhiteElo "2499"]
[BlackElo "2556"]
[Annotator "TA"]
[PlyCount "105"]
[EventDate "2018.08.17"]
[EventType "swiss"]
[EventCountry "ESP"]
[SourceTitle "playchess.com"]
[Source "ChessBase"]
[SourceQuality "1"]

{[%evp 18,105,-25,-45,-33,-53,-61,-48,-35,-48,-6,-13,-18,-19,-16,-19,-12,-15,-20,-12,-22,-17,0,-35,0,-87,-96,-93,-33,-54,-50,-35,-16,-47,-52,-53,-54,-42,-37,-61,-64,-63,-36,-70,-60,-69,-65,-53,-22,-25,0,-29,0,-47,-16,-108,0,-68,0,0,0,-35,-25,-15,-4,0,0,0,0,0,0,6,8,-3,9,16,30,38,75,0,7,0,0,0,7,0,0,0,93,0]} 1. d4 d5 2. Nf3 Nf6 3. c4 e6 4. e3 c5 5. Nc3 a6 6. Bd3 {D40: Queen's Gambit Declined: Semi-Tarrasch with 5 e3} (6. cxd5 exd5 7. Be2 Nc6 8. O-O cxd4 9. Nxd4 Bd6 10. b3 Be5 11. Nxc6 bxc6 12. Bb2 h5 13. f4 Bb8 14. Na4 Ba7 15. Bd4 Bg4 16. Bxg4 hxg4 17. Rc1 {1-0 (68) Mamedyarov,S (2801)-Navara,D (2741) Biel 2018}) 6... dxc4 7. Bxc4 b5 8. Bd3 Bb7 9. O-O Nbd7 10. a3 {LiveBook: 15 Games} Qb8 $146 ({Predecessor:} 10... Qc7 11. h3 e5 12. dxe5 Nxe5 13. Nxe5 Qxe5 {0-1 (63) Noe,C (2451)-Heberla,B (2577) Warsaw 2017}) 11. Re1 Bd6 12. h3 O-O 13. Qe2 cxd4 14. exd4 Bf4 15. Ne5 Bxc1 $1 16. Raxc1 Qd6 17. Rcd1 Rac8 18. Bb1 Nb6 19. Qd3 g6 20. Qg3 Kg7 21. Nd3 (21. Ne2 $11) 21... Qxg3 $17 ({But not} 21... Qxd4 $6 22. Nf4 $11) 22. fxg3 {[#]} Nfd7 (22... Nc4 $1 $17 {Threatens to win with ...Nxb2!} 23. Rc1 Bc6) 23. g4 Rfd8 24. Ba2 Rc7 25. Kf2 Nc4 {aiming for ...Nxb2!} 26. Bxc4 Rxc4 27. Ne5 Rc7 28. Rc1 Nxe5 29. dxe5 Rc5 30. Re2 Rd4 31. Rd1 Rxd1 32. Nxd1 $15 {[%mdl 4096] Endgame KRB-KRN} Kf8 33. g5 Ke7 34. Ke1 Rc4 35. Nc3 Rf4 36. Rf2 (36. Kd2 $11) 36... Rc4 37. Re2 Bc6 (37... Rh4 $15) 38. g3 $11 a5 {[%cal Ba6a5,Ba5b4][%mdl 32]} 39. h4 b4 40. axb4 axb4 41. Nd1 Rg4 42. Re3 Rc4 43. Nf2 Rc2 44. Rb3 Rc4 45. Rd3 Rc1+ 46. Kd2 Rb1 47. Rb3 Rf1 48. Nd3 (48. Ng4 $16) 48... Rf3 49. Nc5 Rf5 50. Nd3 Rf3 51. Nc5 Rf5 52. Nd3 Ke8 (52... Rf3 $11 {keeps the balance.}) 53. Ke3 {Precision: White = 39%, Black = 40%.} (53. Nxb4 $16 Ba4 54. Re3) 1/2-1/2

[Event "XX Sants Open 2018"]
[Site "Cotxeres de Sants"]
[Date "2018.08.26"]
[Round "12"]
[White "Illescas Cordoba, Miguel"]
[Black "Volkov, Sergey"]
[Result "1-0"]
[WhiteElo "2605"]
[BlackElo "2557"]
[Annotator "TA"]
[PlyCount "83"]
[EventDate "2018.08.17"]
[EventType "swiss"]
[EventCountry "ESP"]
[SourceTitle "playchess.com"]
[Source "ChessBase"]
[SourceQuality "1"]

{[%evp 30,83,15,16,64,25,33,-22,-8,-23,0,-50,-46,-35,-64,-72,-62,-129,-114,-116,-116,-114,-79,-72,-73,-75,-66,-89,-23,-50,-31,-43,-6,-14,0,-7,0,-29,-25,-25,39,0,13,-13,-21,-175,-188,-318,826,908,856,834,6213,6199,6183,6183]} 1. Nf3 d5 2. e3 c5 3. d4 Nf6 4. c4 cxd4 5. exd4 e6 6. Nc3 Be7 7. cxd5 Nxd5 8. Bc4 Nc6 9. O-O O-O 10. Re1 Nxc3 11. bxc3 b6 12. Bd3 Bb7 13. h4 Bxh4 14. Nxh4 {D41: Queen's Gambit Declined: Semi-Tarrasch with 5 cxd5} Qxh4 15. Re3 g6 16. Rh3 {LiveBook: 8 Games. The position is equal.} Qf6 17. Bh6 {[%mdl 1024] White has compensation.} Rfe8 {[#]} 18. Qd2 $146 (18. Qg4 $14) ({Predecessor:} 18. Qg4 Rac8 19. Bg5 Qg7 20. Qh4 f5 21. Re1 Na5 {1-0 (38) Kasparov,G (2735)-Gonda,G (2205) Cannes 1988}) 18... e5 $11 19. d5 Ne7 20. Bg5 (20. Be4 {is interesting.} Rad8 21. c4 Bc8 22. Ra3 Bf5 23. Bxf5 Qxf5 24. Rxa7 Nc6 25. Rb7) 20... Qd6 {And now ...f6 would win.} 21. c4 f6 $36 {[%mdl 2048] Black has the initiative.} 22. Bh4 Bc8 23. Rh2 (23. Rf3 $15 Rf8 24. a4) 23... Bf5 24. Bf1 g5 25. Bg3 Bg6 26. f3 Nf5 27. Bf2 e4 28. fxe4 Ng3 (28... Rxe4 $17 {Strongly threatening ...g4.} 29. Bd3 Re7) 29. Bxg3 $1 Qxg3 30. Rh3 Qe5 31. Re1 h5 32. Rf3 h4 33. Rf2 Kg7 34. a4 {[%cal Ba2a4,Ba4a5][%mdl 32]} g4 ({Weaker is} 34... Bxe4 35. Rfe2 $18) ({Black should play} 34... Rac8 $11) 35. a5 g3 36. Rf3 Bxe4 37. Rf4 $2 {[#]} (37. Qf4 $1 $11 {and White has nothing to worry.} Qxf4 38. Rxf4) 37... Qg5 $19 38. Be2 (38. d6 $142) 38... f5 $4 {[%mdl 8192]} (38... Bg6 $19 39. Qd4 Re5 40. axb6 axb6) 39. Rg4 $1 $18 {White is clearly winning.} Qxg4 40. Bxg4 fxg4 {[#]} 41. Rxe4 $1 {[%mdl 512]} Rxe4 42. Qg5+ {Precision: White = 38%, Black = 34%.} 1-0

[Event "XX Sants Open 2018"]
[Site "Cotxeres de Sants"]
[Date "2018.08.26"]
[Round "12"]
[White "Peralta, Fernando"]
[Black "Cuartas, Jaime Alexander"]
[Result "1-0"]
[WhiteElo "2556"]
[BlackElo "2499"]
[Annotator "TA"]
[PlyCount "131"]
[EventDate "2018.08.17"]
[EventType "swiss"]
[EventCountry "ESP"]
[SourceTitle "playchess.com"]
[Source "ChessBase"]
[SourceQuality "1"]

{[%evp 24,131,9,29,112,14,10,0,41,17,22,12,41,26,15,15,109,99,102,65,61,25,70,56,60,46,38,0,118,0,0,-102,0,-39,0,0,64,0,3,8,22,18,116,120,126,101,242,228,235,220,288,250,307,317,423,385,424,424,431,431,422,426,501,308,464,423,535,517,511,389,401,383,352,328,354,357,630,622,835,827,704,409,547,387,503,517,517,517,517,510,789,757,2271,2475,1661,1687,29974,29975,29973,29973,29983,29984,29987,29986,29988,29988,29988,29988,29988,29989]} 1. d4 Nf6 2. c4 e6 3. Nc3 Bb4 4. e3 d5 5. a3 Bxc3+ 6. bxc3 c5 7. cxd5 exd5 8. Bd3 O-O 9. Ne2 b6 10. O-O Ba6 11. f3 Re8 12. Ng3 Bxd3 13. Qxd3 {LiveBook: 210 Games} Qe7 {[#] E49: Nimzo-Indian: Rubinstein: 5 Bd3 d5 6 a3 Bxc3+ 7 bxc3} (13... Nc6 $11 {keeps the balance.}) (13... Nc6 14. Bb2 h5 15. Rae1 h4 16. Nf5 h3 17. gxh3 Ne7 18. dxc5 bxc5 19. c4 dxc4 20. Nxe7+ Qxe7 21. Qxc4 Rab8 22. Rf2 {0-1 (40) Navara,D (2740)-Alekseev,E (2616) Katowice 2017}) 14. Ra2 (14. e4 $1 $16 {[%mdl 512]}) 14... Nc6 $11 15. Re2 cxd4 $146 {The position is equal.} ({Predecessor:} 15... Rad8 16. Bb2 Qd7 17. Nf5 Ne7 18. Ng3 Ng6 19. Qd2 h5 20. Rfe1 h4 21. Nh1 Qf5 22. Nf2 {1-0 (53) Perez Felipe,M (2273)-Rudolf,A (2393) Vecindario 2010}) 16. cxd4 Qd7 17. Bb2 Rad8 18. Rd1 Na5 19. e4 {[%cal Be3e4,Be4e5][%mdl 32]} Qa4 (19... dxe4 $11 20. fxe4 Qa4) 20. e5 $36 {[%mdl 2048] White is in control.} Nd7 {[%cal Bf6d7,Bd7f8,Bf8e6][%mdl 32]} 21. Nf5 Nf8 22. Rf1 Ne6 {aiming for ...Nf4.} 23. f4 Qb3 $1 {[%cal Rb3d3]} 24. Qxb3 Nxb3 25. Rf3 Na5 (25... g6 $11) 26. Kf2 (26. Nd6 $16) 26... Nc4 $11 27. Bc1 (27. Bc3 $11) 27... b5 (27... g6 $17 28. Nd6 Nxd6 29. exd6 Rf8) 28. Rg3 Kf8 29. Rd3 Rc8 ({Better is} 29... f6 $11) 30. Re1 (30. Bd2 $1 $14) 30... Rc6 31. Ng3 g6 32. f5 gxf5 (32... Nc7 $11 {remains equal.}) 33. Nxf5 $16 Rec8 34. Rh3 Nb6 (34... R8c7 $16 {was worth a try.}) 35. Bh6+ $18 Ke8 36. Nd6+ Rxd6 37. exd6 Kd7 38. Rf3 Rc2+ 39. Kf1 Kxd6 40. Rxf7 Nd7 41. Bf4+ Nxf4 42. Rxf4 {[%mdl 4096] Endgame KRR-KRN} Ra2 43. Rf3 a5 (43... Rd2 {was called for.} 44. Rh3 Rxd4 45. Rh6+ Kc5) 44. Rb1 Kc6 45. Rc3+ Kb6 46. Rcb3 b4 47. axb4 a4 48. Rh3 Kb5 49. Rxh7 Nb6 $2 (49... Nf6) 50. Rc7 a3 51. Rc5+ Ka6 52. Ra5+ Kb7 {Black wants to play ...Nc4.} 53. Kg1 Rb2 54. Ra1 Nc4 55. R5xa3 Nxa3 56. Rxa3 Rxb4 {KR-KR} (56... Kc8 $142 57. Ra5 Kb7 58. Rxd5 Rxb4) 57. h4 {[%cal Bh2h4,Bh4h5,Bh5h6][%mdl 32]} Rxd4 58. Rh3 Rg4 59. h5 Rg7 60. h6 {White mates.} Rh7 61. g4 {[%cal Bg2g4,Bg4g5,Bg5g6,Bg6g7][%mdl 32]} Kc7 62. g5 Rh8 63. g6 d4 64. g7 Rg8 65. Rg3 d3 66. Rxd3 {Precision: White = 69%, Black = 32%.} 1-0

[Event "XX Sants Open 2018"]
[Site "Cotxeres de Sants"]
[Date "2018.08.26"]
[Round "13"]
[White "Demchenko, Anton"]
[Black "Peralta, Fernando"]
[Result "0-1"]
[WhiteElo "2670"]
[BlackElo "2556"]
[Annotator "TA"]
[PlyCount "181"]
[EventDate "2018.08.17"]
[EventType "swiss"]
[EventCountry "ESP"]
[SourceTitle "playchess.com"]
[Source "ChessBase"]
[SourceQuality "1"]

{[%evp 19,181,6,6,8,4,4,0,0,13,10,18,16,22,11,22,0,15,0,0,0,0,0,0,0,20,14,15,0,0,0,0,0,35,47,37,7,43,0,0,0,0,0,0,-35,125,-68,-37,-95,-95,-111,-76,-101,-70,-93,-93,-165,-172,-210,-209,-224,-199,-206,-229,-257,-251,-297,-189,-376,204,-152,-128,-149,-130,-168,-148,-192,-164,-251,-50,-18,68,0,0,0,0,0,0,-29974,0,0,0,0,0,0,0,0,0,0,0,0,0,0,0,0,0,0,0,0,0,0,0,0,0,0,0,0,0,0,0,0,0,0,0,0,0,0,0,0,0,0,0,0,0,0,0,0,0,0,0,0,0,0,0,-7,-7,0,0,0,0,0,0,0,0,0,0,0,0,0,0,0,0,0,8,0]} 1. e4 c6 2. d4 d5 3. exd5 cxd5 4. Bd3 Nc6 5. c3 Qc7 6. h3 Nf6 7. Nf3 g6 8. O-O {B13: Caro-Kann: Exchange Variation and Panov-Botvinnik Attack} Bf5 9. Re1 Bxd3 10. Qxd3 Bg7 {LiveBook: 18 Games} 11. Bg5 (11. Na3 O-O 12. Nc2 e6 13. Ne3 Rab8 14. a4 Na5 15. Ra3 Rfc8 {0-1 (67) Artemiev,V (2653)-Riazantsev,A (2671) Doha 2016}) 11... O-O 12. Nbd2 Rfe8 13. Re2 $146 ({Predecessor:} 13. Bh4 Nh5 14. Bg5 Rad8 15. Nb3 b6 {0-1 (34) Schmitt,K (1702)-Wenninger,P (1978) playchess.com INT 2011}) 13... Nh5 (13... h6 $5 {[%cal Rh6g5]} 14. Bxf6 Bxf6 $11) 14. Nb3 b6 15. Rae1 Nf4 16. Bxf4 $1 Qxf4 17. Nc1 Qd6 18. Qa6 Qc7 19. Qa4 e6 20. Nd3 Rab8 21. Qd1 Na5 {[%cal Bc6a5,Ba5c4,Bc4d6,Bd6e4][%mdl 32]} 22. g3 Nc4 23. Kg2 Nd6 24. h4 h5 25. Nfe5 Ne4 26. f3 Nd6 27. Rh1 Bf6 28. Qd2 Kg7 29. Qf4 Rbc8 30. g4 Rh8 31. g5 Be7 $2 (31... Bxe5 $15 {stays ahead.} 32. Qxe5+ Kh7) 32. Nf2 $2 (32. Nxf7 $1 $16 Nxf7 33. Qxc7 Rxc7 34. Nf4) 32... Nf5 33. Nfd3 (33. Nd1 $15) 33... Bd6 $17 34. Kh3 Rhf8 35. Rg1 Kh7 36. Reg2 a5 37. Qd2 (37. a3 $17 {is a better defense.}) 37... b5 $19 {[%cal Bb6b5,Bb5b4][%mdl 32]} 38. a3 {[#]} b4 $1 {[%cal Rb4c3][%mdl 512]} 39. axb4 axb4 40. Rc1 bxc3 41. bxc3 Ra8 42. c4 dxc4 (42... Nxd4 43. cxd5 Qb7 44. Rf2 $19) 43. Nxc4 $2 (43. Rxc4 Qa7 44. Qf2) 43... Bg3 $4 {[%mdl 8192]} (43... Ra4 $19 {and life is good for Black.} 44. Ndb2 Bf4) 44. Nce5 $2 {[#]} (44. Ne3 $18 Qb7 45. Nxf5 (45. Rxg3 Nxg3 46. Kxg3 Rfd8 $18)) 44... Bxe5 $3 $17 {[%mdl 512]} 45. Rxc7 (45. Nxe5 Qd6) 45... Bxc7 46. Re2 Rfd8 ({Much less strong is} 46... Nxd4 47. Re4 $17) 47. Re4 Rd7 ({Not} 47... Nxd4 48. Qc3 $11) 48. Qc3 (48. Qb2 {was the only defense.}) 48... Rad8 $2 (48... Ra2 $19 {[%csl Gc7][%cal Ra2h2]} 49. Ne5 Nxd4 $1 {[%mdl 512]}) 49. Nc5 $15 Rxd4 (49... Re7 $11) 50. Rxd4 ({Better is} 50. Nxe6 $1 $14 fxe6 51. Rxd4 (51. Qxc7+ R8d7 $16)) 50... Rxd4 $11 51. Ne4 Be5 {Strongly threatening ...Rxe4!} 52. Qb3 Nd6 53. Nxd6 $2 {[%mdl 8192] [#]} (53. Qb8 $11) 53... Bxd6 $2 {[%mdl 4096] Endgame KQ-KRB} (53... Rd2 $1 {mates} 54. f4 Bxf4 55. Qg3 Bxg3 56. Ne4 Be1 57. Nf6+ Kg7 58. Ne8+ Kf8 59. Nf6 Kg7 60. Ne8+ Kf8 61. Nc7 Rd3+ 62. Kg2 Bxh4 63. Kh1 Ke7 64. Na6 Kd6 65. Kg2 Bxg5 66. Kg1 Rb3 67. Kg2 Rb6 68. Nc7 Kxc7 69. Kf2 f5 70. Kg3 Rb2 71. Kf3 e5 72. Kg3 e4 73. Kh3 Bf4 74. Kh4 Rh2#) 54. Qb7 {The position is equal.} (54. Qe3 {is interesting.} e5 55. Kg3 Kg7 56. Kh3 Kf8 57. Kg3) 54... Kg7 55. Qb2 e5 56. Qe2 Rf4 57. Qe3 Rd4 58. Qe2 Rf4 59. Qd3 Rd4 60. Qb3 Rd2 61. Qe3 Rd1 62. Qe4 Rh1+ 63. Kg2 Rd1 64. Kh3 Rd4 65. Qe2 Rd5 66. Qe3 Rd4 67. Qe2 Rd5 68. Qe3 Rd4 69. Qb3 Rf4 70. Qd5 Rd4 71. Qa8 Rd2 72. Qe4 Rd4 73. Qe2 Rf4 74. Qd3 Rd4 75. Qb3 Bc7 76. Qb7 Bd6 77. Qc6 Rd1 78. Qe4 Rh1+ 79. Kg2 Rd1 80. Qa8 Rd2+ 81. Kf1 Rd4 82. Qd8 Rd1+ 83. Ke2 Rd4 84. Kf1 Rd1+ 85. Ke2 Rd4 86. Kf1 Rd1+ 87. Ke2 Rd4 88. Qd7 Bf8 89. Qh3 Bd6 90. Qd7 Bf8 91. Qh3 {[%mdl 32768] Precision: White = 44%, Black = 64%. . Loss on Time!?} 0-1

[Event "XX Sants Open 2018"]
[Site "Cotxeres de Sants"]
[Date "2018.08.26"]
[Round "13"]
[White "Nisipeanu, Liviu Dieter"]
[Black "Illescas Cordoba, Miguel"]
[Result "1/2-1/2"]
[WhiteElo "2657"]
[BlackElo "2605"]
[Annotator "TA"]
[PlyCount "65"]
[EventDate "2018.08.17"]
[EventType "swiss"]
[EventCountry "ESP"]
[SourceTitle "playchess.com"]
[Source "ChessBase"]
[SourceQuality "1"]

{[%evp 22,65,14,12,5,6,36,37,56,16,20,26,70,-20,0,0,3,0,0,-37,-45,-81,-69,-72,0,0,0,0,0,0,0,0,0,0,0,0,0,0,0,0,0,0,0,0,0,0]} 1. d4 Nf6 2. Bf4 b6 3. e3 Bb7 4. h3 c5 5. Nf3 g6 6. Be2 Bg7 7. O-O O-O 8. c3 d6 9. Bh2 Nbd7 10. a4 a6 11. Nbd2 Qc7 12. Bd3 {LiveBook: 23 Games. A48: 1 d4 Nf6 2 Nf3 g6: Torre, London and Colle Systems} (12. Qb3 Bc6 13. c4 e6 14. Rfd1 Rfd8 15. Rac1 Rab8 16. Nb1 Ne4 17. d5 exd5 18. cxd5 Bb7 19. Nfd2 Nxd2 20. Rxd2 {0-1 (55) Bruzon Batista,L (2698)-Radjabov,T (2733) Tromsoe 2013}) 12... cxd4 13. cxd4 $146 ({Predecessor:} 13. exd4 Bc6 14. Re1 Rfe8 15. Qb3 Bd5 16. c4 Bb7 17. a5 bxa5 18. Qa3 e5 19. Bf1 Bf8 {0-1 (44) Terbe,J (2234)-Secheres,A (2407) Arad 2018}) 13... Nd5 14. Qb3 {White is slightly better.} Bh6 15. Rac1 Qb8 16. Bc4 N7f6 17. Ne4 (17. g4 $14 b5 18. axb5) 17... b5 18. axb5 axb5 19. Nxf6+ Nxf6 20. Be2 ({Wrong is} 20. Bxb5 $2 Ba6 $17) 20... Bd5 21. Qxb5 Qxb5 22. Bxb5 Bxf3 (22... Rfb8 $17 23. Bd3 Rxb2) 23. gxf3 $11 {The position is equal.} Rab8 24. Bd3 Rxb2 25. Rb1 Rfb8 26. Rxb2 Rxb2 27. Rb1 Rd2 28. Bc4 Bg5 29. Bg3 Nh5 30. f4 Nxg3 31. fxg3 Bf6 32. Re1 e6 33. Re2 {Precision: White = 58%, Black = 53%.} 1/2-1/2